Biggest Economies by Decade (2030-2100) - Statistics

General Stats
  • This quiz has been taken 9 times
  • The average score is 76 of 80
Answer Stats
Year Rank GDP Answer % Correct
8. 3.27T Brazil
100%
9. 3.95T Brazil
100%
10. 4.59T Brazil
100%
2. 26.57T China
100%
2. 48.05T China
100%
2050 1. 60.85T China
100%
2060 1. 73.49T China
100%
2070 1. 86.64T China
100%
2080 1. 98.96T China
100%
2090 1. 111.57T China
100%
2100 1. 123.75T China
100%
7. 4.04T France
100%
7. 5.22T France
100%
8. 6.44T France
100%
8. 7.65T France
100%
7. 8.9T France
100%
7. 10.08T France
100%
7. 11.28T France
100%
7. 12.44T France
100%
3. 6.4T India
100%
3. 14.31T India
100%
3. 30.62T India
100%
3. 46.72T India
100%
3. 63.47T India
100%
2. 79.17T India
100%
2. 95.24T India
100%
2. 110.76T India
100%
6. 5.05T Japan
100%
6. 5.93T Japan
100%
7. 6.83T Japan
100%
7. 7.71T Japan
100%
8. 8.63T Japan
100%
8. 9.48T Japan
100%
8. 10.36T Japan
100%
8. 11.21T Japan
100%
9. 5.41T South Korea
100%
9. 6.5T South Korea
100%
9. 7.51T South Korea
100%
9. 8.56T South Korea
100%
10. 9.56T South Korea
100%
2030 1. 38.17T United States
100%
2040 1. 52.93T United States
100%
2. 58.35T United States
100%
2. 63.7T United States
100%
2. 69.27T United States
100%
3. 74.49T United States
100%
3. 79.83T United States
100%
3. 84.99T United States
100%
10. 3.06T Canada
89%
10. 3.83T Canada
89%
9. 4.59T Canada
89%
10. 5.35T Canada
89%
10. 6.13T Canada
89%
4. 6.24T Germany
89%
4. 7.8T Germany
89%
4. 9.41T Germany
89%
5. 11T Germany
89%
5. 12.66T Germany
89%
5. 14.21T Germany
89%
5. 15.79T Germany
89%
5. 17.32T Germany
89%
8. 4.24T Indonesia
89%
5. 8.44T Indonesia
89%
4. 12.59T Indonesia
89%
4. 16.91T Indonesia
89%
4. 20.95T Indonesia
89%
4. 25.09T Indonesia
89%
4. 29.09T Indonesia
89%
10. 6.97T Spain
89%
10. 7.85T Spain
89%
5. 5.24T United Kingdom
89%
5. 6.81T United Kingdom
89%
6. 8.36T United Kingdom
89%
6. 9.89T United Kingdom
89%
6. 11.49T United Kingdom
89%
6. 12.98T United Kingdom
89%
6. 14.51T United Kingdom
89%
6. 15.99T United Kingdom
89%
9. 3.08T Italy
78%
9. 10.86T Nigeria
78%
No matching quizzes found
Score Distribution
Percent of People with Each Score
Percentile by Number Answered
Your Score History
You have not taken this quiz